General Knowledge Quiz #213 - Statistics

General Stats
  • This quiz has been taken 39,905 times
  • The average score is 12 of 20
Answer Stats
Question Answer % Correct
What layer of the atmosphere was discovered to have a hole in 1982? Ozone Layer
91%
What is Gandalf talking about when he tells Frodo to "keep it secret, keep it safe"? The Ring of Power
89%
What reptile appears on the logo of "Lacoste" brand clothing? Crocodile
86%
What is the nearest star to Earth? The Sun
86%
What process results in a quotient and a remainder? Division
72%
What is the biggest country in the world that is smaller than every country it borders? (Hint: it's in Asia and it borders two) Mongolia
72%
What is typically the most-used club in a round of golf? Putter
70%
Who was born in Germany, did his most important work in Switzerland, was offered the ceremonial Presidency of Israel, and died in the United States? Albert Einstein
68%
In the late 1800s, massive Kimberlite deposits were discovered in South Africa. What sought-after thing do these deposits often contain? Diamonds
68%
Where is Davy Jones's locker? The Bottom of the Sea
67%
What country of just 360,000 people has won the "World's Strongest Man" competition nine times? Iceland
61%
What word means both "able to catch fire" and "not able to catch fire"? Inflammable
58%
Of all the names that appear in the Bible, which one comes first alphabetically? Aaron
55%
What is the largest type of seal, so-named because of its large size and giant proboscis? {Elephant} Seal
48%
What breed of dog are whippets descended from? Greyhound
47%
What does N stand for in this sequence: OTTFFSSEN? Nine
39%
What city chose Ken Livingstone as its first elected mayor in the year 2000? London
38%
What legendary hero fathered children with Penelope, Circe, and Calypso? Odysseus
32%
What monarchy borders 5 other monarchies? Saudi Arabia
24%
What can be something you wear, or the name of the container which holds the cards in blackjack? Shoe
21%
No matching quizzes found
Score Distribution
Percent of People with Each Score
Percentile by Number Answered
Your Score History
You have not taken this quiz